Gems of quotation : (Record no. 62116)

MARC details
000 -LEADER
fixed length control field 01644nam a22002537a 4500
005 - DATE AND TIME OF LATEST TRANSACTION
control field 2012020709229.0
010 ## - LCCN (DPL NO)
LC control number B-469827-831
020 ## - INTERNATIONAL STANDARD BOOK NUMBER
International Standard Book Number 9788190790598
Terms of availability 75.00
035 ## - SYSTEM CONTROL NUMBER
System control number B-469827-831
037 ## - SOURCE OF ACQUISITION
Stock number dpl
Source of stock number/acquisition Blue Berry/Ven
082 ## - DEWEY DECIMAL CLASSIFICATION NUMBER
Classification number 808.882
100 ## - MAIN ENTRY--PERSONAL NAME
Personal name Sharma, Madhu
245 ## - TITLE STATEMENT
Title Gems of quotation :
Remainder of title an author-wise reference book /
Statement of responsibility, etc by Madhu Sharma
260 ## - PUBLICATION, DISTRIBUTION, ETC. (IMPRINT)
Place of publication, distribution, etc New Delhi
Name of publisher, distributor, etc Mannu Graphics
Date of publication, distribution, etc 200?
270 ## - ADDRESS
Address 5 FF,Ganpati Bhawan,21 Ansari Road,Darya Ganj,
City New Delhi
Postal code 110002
300 ## - PHYSICAL DESCRIPTION
Extent 221p.
Dimensions 19cm(pbk)
942 ## - ADDED ENTRY ELEMENTS (KOHA)
Source of classification or shelving scheme Dewey Decimal Classification
Item type English Books
Call number suffix SHA
Classification part 808.882
Holdings
Withdrawn status Lost status Not for loan Collection code Home library Current library Date acquired Source of acquisition Cost, normal purchase price Full call number Barcode Copy number Cost, replacement price Koha item type
      Non-fiction Patel Nagar Patel Nagar 26/11/2012 Blue Berry/IN8225/24.03.2012/43/20.03/2012/29.03.2012 75.00 808.882 SHA B-469830 1 75.00 English Books
      Non-fiction Patel Nagar Patel Nagar 26/11/2012 Blue Berry/IN8225/24.03.2012/43/20.03/2012/29.03.2012 75.00 808.882 SHA B-469831 1 75.00 English Books
      Non-fiction R.K.Puram-8 R.K.Puram-8 26/11/2012 Blue Berry/IN8225/24.03.2012/43/20.03/2012/29.03.2012 75.00 808.882 SHA B-469828 1 75.00 English Books
      Non-fiction Sarojini Nagar Sarojini Nagar 26/11/2012 Blue Berry/IN8225/24.03.2012/43/20.03/2012/29.03.2012 75.00 808.882 SHA B-469827 1 75.00 English Books
      Non-fiction Vinoba Puri Vinoba Puri 26/11/2012 Blue Berry/IN8225/24.03.2012/43/20.03/2012/29.03.2012 75.00 808.882 SHA B-469829 1 75.00 English Books

© Delhi Public Library
Hit Counter
free hit counter